| 000 | 01933nas1a22003851i 4500 | ||
|---|---|---|---|
| 001 | RU\NLR\Per\859285 | ||
| 005 | 20260406140741.0 | ||
| 035 | _a(NLR Aleph) 003102259 | ||
| 090 |
_a2584578 _c2584578 |
||
| 100 | _a20120514b19141924|||y0rusy50 ca | ||
| 101 | 0 | _arus | |
| 102 | _aRU | ||
| 110 | _aaf||||||||| | ||
| 135 | _acrmn mmmapada | ||
| 200 | 1 | _aЗаписки Передвижного театра П.П. Гайдебурова и Н.Ф. Скарской | |
| 210 |
_aПг. _d1914 - 1924 |
||
| 320 | _aУказатель авторов и статей, помещенных в "Записках ..." с № 1 по № 50 (1923. - № 50) | ||
| 517 | 1 | _aЗаписки передвижного общедоступного театра | |
| 710 | 0 | 2 |
_aПередвижной театр П. П. Гайдебурова и Н. Ф. Скарской _cЛенинград _3RU\NLR\AUTH\889919797 _9335832 |
| 852 |
_aNLR _jП32/139 |
||
| 942 | _cJOURNAL | ||
| 980 | _aRUSPER | ||
| 981 | 2 | 7 |
_a(27) Периодические издания _b(27) Пульс города на Неве |